Az esztétikai fenomenalitása és az esztétikai észlelés
Elmentve itt :
| Szerző: | |
|---|---|
| Adatforrás: | Philobibl |
| Forrásdokumentuma: | Jelenkor 42.1999:7-8. p. 782-788. |
| Dokumentumtípus: | Cikk |
| Nyelv: | magyar |
| Megjelent: |
1999
|
| LEADER | 00326nab a2200109 c 4500 | ||
|---|---|---|---|
| 001 | bibPHI0033557 | ||
| 005 | 20200924123215.5 | ||
| 008 | 081230s1999 hu hun | ||
| 100 | 1 | |a Bacsó Béla | |
| 245 | 1 | 3 | |a Az esztétikai fenomenalitása és az esztétikai észlelés |c Bacsó Béla |
| 260 | |a 1999 | ||
| 773 | 0 | |t Jelenkor |g 42.1999:7-8. p. 782-788. | |